Statistics for Rapper by Debut Album Quiz

Click here to take the quiz!

General Stats

  • This quiz has been taken 550 times
  • The average score is 18 of 40

Answer Stats

AlbumYearRapper% Correct
Doggystyle1993Snoop Dogg
89%
Straight Outta Compton1988NWA
87%
The College Dropout2004Kanye West
84%
Get Rich or Die Tryin'200350 Cent
79%
The Chronic1992Dr. Dre
79%
Illmatic1994Nas
77%
Live. Love. ASAP2013ASAP Rocky
73%
Ready to Die1994The Notorious B.I.G.
70%
Section.802011Kendrick Lamar
62%
Rodeo2015Travis Scott
59%
B4.DA.$$2015Joey Bada$$
57%
Goblin2011Tyler, the Creator
57%
Man on the Moon: The End of Day2009Kid Cudi
56%
Luv is Rage 22017Lil Uzi Vert
56%
Goodbye & Good Riddance2018Juice WRLD
51%
Reasonable Doubt1996Jay-Z
50%
Operation: Doomsday1999MF Doom
50%
Southernplayalisticadillacmuzik1994Outkast
46%
172017XXXTentacion
46%
Thank Me Later2010Drake
45%
Stoney2016Post Malone
45%
Licensed to Ill1986Beastie Boys
42%
The Melodic Blue2021Baby Keem
41%
AmeriKKKa's Most Wanted1990Ice Cube
41%
Infinite1996Eminem
37%
Dreams and Nightmares2012Meek Mill
35%
Country Grammar2000Nelly
32%
Camp2011Childish Gambino
31%
Harder Than Ever2018Lil Baby
30%
It's Dark and Hell Is Hot1998DMX
25%
Under Pressure2014Logic
25%
Blue Slide Park2011Mac Miller
21%
Tha Block is Hot1999Lil Wayne
20%
The Lost Boy2019Cordae
19%
ADHD2020Joyner Lucas
16%
Thats What They All Say2020Jack Harlow
13%
Nostalgic 642013Denzel Curry
12%
No Way Out1997Puff Daddy
11%
Incognegro1999Ludacris
8%
Mansion2015NF
7%

Score Distribution

Percentile by Number Answered

Percent of People with Each Score

Your Score History

You have not taken this quiz